000 00710cam a2200265 a 4500
003 OSt
005 20251115153457.0
008 120123s2013 maua 001 0 eng
020 _a9789332518810
040 _cSTCPL
041 _aENG
042 _apcc
082 0 0 _a005.133
_bJER-P
100 1 _aHanly, Jeri R.
100 1 _aKoffman, Elliot B.
245 1 0 _aProblem solving and program design in C /
_cby Jeri R. Hanly and Elliot B. Koffman
250 _a7th ed.
260 _aBoston :
_bDorling Kindersley (India) Pvt. Ltd. ,
_cc2014.
300 _a852 p.
_bPB
650 0 _aComputer science
650 0 _aC (Computer program language)
942 _cBK
942 _2ddc
942 _2ddc
999 _c87347
_d87347